| 000 | 01609nam a2200289Ia 4500 | ||
|---|---|---|---|
| 003 | OSt | ||
| 005 | 20200923235756.0 | ||
| 008 | 191128s2002 ck aodbgr 000 0 spa d | ||
| 020 | _a9588025427 | ||
| 040 |
_aCO-JMCR _cCO-JMCR |
||
| 041 | 0 | _aspa | |
| 082 | 0 | 4 |
_a918.613 / _bL168r _223 |
| 100 | 1 |
_aLafourcade, Oliver, _eautor _97401 |
|
| 245 | 1 | 3 |
_aEl resurgir del eje cafetero : _blecciones de la reconstrucción física y social / _cOliver Lafourcade, Fernando A. Cossio, Andrés Pastrana Arango [y otros 32] |
| 250 | _aPrimera edición | ||
| 260 |
_aBogotá : _bDepartamento Nacional de Planeación, _c2002 |
||
| 300 |
_a351 páginas : _bilustraciones, fotografías, gráficos y mapas a color ; _c24 cm + _e1 CD-ROM |
||
| 504 | _aReferencias bibliográficas al final de cada capítulo. | ||
| 505 | 0 | _aInstalación -- La experiencia de la reconstrucción posdesastre en el eje cafetero -- El gobierno, la sociedad civil y el estado en la reconstrucción física y social : un nuevo modelo de política pública -- Lecciones y aprendizajes: replicabilidad del mod | |
| 520 | 3 | _aEl modelo puesto al servicio de la reconstrucción del eje cafetero es ejemplar y digno de repetirse en situaciones similares en otros países: digno también de explorarse como un nuevo | |
| 650 | 1 | 4 |
_aPlanificación regional _zEje Cafetero (Colombia) _910742 |
| 650 | 1 | 4 |
_aDesarrollo regional _zEje Cafetero (Colombia) _910743 |
| 651 | 4 |
_aEje Cafetero (Región) _xcondiciones económicas _910744 |
|
| 700 | 1 |
_aCossio, Fernando A., _eautor _910745 |
|
| 700 | 1 |
_aPastrana Arango, Andrés, _eautor _97459 |
|
| 942 |
_2ddc _cBK |
||
| 999 |
_c6236 _d6236 |
||